| 000 | 01592nam0a22003371 4500 | ||
|---|---|---|---|
| 001 | RU\NLR\INFOCOMM_190\5000061842 | ||
| 005 | 20250613094525.0 | ||
| 035 | _a(NLR Aleph) 009265077 | ||
| 090 |
_a9067076 _c9067076 |
||
| 100 | _a20100818d1987 |||y0rusy50 ca | ||
| 101 | 0 |
_aeng _drus |
|
| 102 | _aRU | ||
| 105 | _ay ||||000|y | ||
| 200 | 1 |
_aOn the higher-level Bethe ansatz _fB. -D. Dörfel, A. A. Vladimirov |
|
| 210 |
_aДубна _cОбъед. ин-т ядер. исслед. _d1987 |
||
| 215 |
_a7 с. _d22 см |
||
| 225 | 1 |
_aОбъединенный институт ядерных исследований, Дубна _vЕ2-87-65 |
|
| 300 | _aНа послед. с.: К вопросу о вторичном анзаце Бете / Владимиров А. А., Дёрфель Б.-Д. | ||
| 300 | _aРез. на рус. яз. | ||
| 300 | _a"Submitted to "Теоретическая и математическая физика" | ||
| 320 | _aБиблиогр.: с. 6 | ||
| 606 |
_aУравнение Бете _2nlr_sh1 |
||
| 686 |
_aВ31 _2rubbk |
||
| 700 | 1 |
_aDörfel _bB. -D. _4070 |
|
| 701 | 1 |
_4070 _7ba _8rus _aVladimirov _bA. A. _cканд. физ.-мат. наук, квантовая теория поля _f1951- _gAleksej Aleksandrovič _9234205 _3RU\NLR\AUTH\770234261 |
|
| 790 | 1 |
_4070 _7ba _8rus _aVladimirov _bA. A. _cканд. физ.-мат. наук, квантовая теория поля _f1951- _gAleksej Aleksandrovič _9234205 _3RU\NLR\AUTH\770234261 |
|
| 801 | 1 |
_aRU _bNLR _c20100818 |
|
| 801 | 0 |
_aRU _bNLR _gPSBO |
|
| 852 |
_aNLR _jФз01 Д-6/504 |
||
| 942 | _cBOOK | ||
| 980 | _aNB | ||